000 00327nam a22001217a 4500
040 _cRUA
082 _aLY SOV 2014 C011 Or.
100 _aលី សុវត្ថិ
245 _aស្វែងយល់ជំងឺឆ្កែឆ្គួត
260 _aPhnom Penh
_bRUA
_c2014
300 _a44p
_bill;
_c23cm
942 _cKB
999 _c22752
_d22752